[Event "Paris Department-ch"]
[Site "Paris"]
[Date "2003.??.??"]
[Round "3"]
[White "Vega Ritter, Isabelle"]
[Black "Emerit, Frederic"]
[Result "0-1"]
[WhiteElo "1340"]
[BlackElo "1450"]
[PlyCount "98"]
[EventDate "2003.02.14"]
[EventType "swiss"]
[EventRounds "6"]
[EventCountry "FRA"]
[SourceTitle "EXT 2004"]
[Source "ChessBase"]
[SourceDate "2003.11.25"]
[SourceVersion "1"]
[SourceVersionDate "2003.11.25"]
[SourceQuality "1"]

1. e4 e6 2. d4 d5 3. e5 c5 4. c3 Nc6 5. Nf3 Qb6 6. Be2 cxd4 7. Nxd4 Nxe5 8. Na3 Bxa3 9. bxa3 Nf6 10. Bb5+ Bd7 11. Rb1 0-0 12. f3 a6 13. Bf4 Qc7 14. Be2 Qxc3+ 15. Qd2 Qxd2+ 16. Bxd2 Bc6 17. Bf4 Ng6 18. Bg5 Nd7 19. 0-0 e5 20. Nf5 f6 21. Bd2 Rfb8 22. h4 Ngf8 23. h5 Ne6 24. h6 g6 25. Ne7+ Kf7 26. Bb4 Nec5 27. Bxc5 Nxc5 28. Nxc6 bxc6 29. Rbc1 Ne6 30. Rxc6 Ra7 31. Rc3 Rb2 32. Bd1 Nd4 33. Kh2 Rab7 34. Bb3 Ke6 35. Re1 Kd6 36. Rd1 Nxb3 37. axb3 d4 38. Rcd3 R7xb3 39. f4 a5 40. fxe5+ fxe5 41. a4 Rxd3 42. Rxd3 Rb4 43. Ra3 e4 44. Kg1 d3 45. Kf1 Kd5 46. Ke1 Kd4 47. Kd2 Rb2+ 48. Ke1 Ke3 49. Kd1 Rb1# 0-1